[Event "Bojnice"]
[Site "Bojnice"]
[Date "1994.??.??"]
[Round "4"]
[White "Seger, Ruediger"]
[Black "Huba, Martin"]
[Result "1-0"]
[WhiteElo "2350"]
[BlackElo "2145"]

1.e4 e6 2.d4 d5 3.Nd2 a6 4.Ngf3 c5 5.exd5 exd5 6.dxc5 Bxc5 7.Be2 Nf6 8.O-O O-O
9.Nb3 Be7 10.Bg5 Bg4 11.Re1 Nbd7 12.Nfd4 Bxe2 13.Rxe2 Re8 14.Nf5 Bf8 15.Ne3 Nb6
16.c3 Qd6 17.Nf5 Qd7 18.Nh6+ Kh8 19.Bxf6 gxf6 20.Rxe8 Rxe8 21.Ng4 Bg7 22.Nd4 Nc4
23.Qf3 Ne5 24.Nxe5 fxe5 25.Qf5 Re7 26.Qxd7 Rxd7 27.Nf5 Kg8 28.Kf1 f6 29.Rd1 Kf7
30.c4 d4 31.Ke2 Ke6 32.g4 Bf8 33.Kd3 h5 34.f3 Rh7 35.h4 Bh6 36.Ke4 Bf8 37.Rd3 b5
38.cxb5 axb5 39.Rb3 b4 40.a3 hxg4 41.fxg4 Rb7 42.h5 Kf7 43.axb4 Rxb4 44.Rxb4 Bxb4
45.Kd3 Ba5 46.Kc4 Bb6 47.b4 Ba7 48.Nd6+ Kg7 49.Ne4 Kf7 50.b5 Kg7 51.Kd5 Kh6
52.Ke6 d3 53.Kxf6 Be3 54.Kxe5 d2 55.Nxd2 Bxd2 56.b6 Kg5 57.b7 Kxg4 58.Ke6  1-0

[Event "Schneider mem"]
[Site "Budapest"]
[Date "1994.??.??"]
[Round "?"]
[White "Eismont, Oleg"]
[Black "Balenovic, Zvonimir"]
[Result "1-0"]
[WhiteElo "2440"]
[BlackElo "2295"]

1.e4 e6 2.d4 d5 3.Nd2 Nc6 4.Ngf3 Nf6 5.e5 Nd7 6.Nb3 a5 7.a4 b6 8.c3 Ba6 9.Bxa6 Rxa6
10.Bg5 Be7 11.h4 Ra8 12.Rh3 O-O 13.Qe2 Qe8 14.Kf1 f6 15.exf6 Bxf6 16.Re1 Nd8
17.Nc1 Qf7 18.Nd3 Re8 19.Rg3 Kh8 20.Bf4 Ra7 21.Nfe5 Nxe5 22.Nxe5 Bxe5 23.Bxe5 Rg8
24.h5 h6 25.Rg6 Kh7 26.g4 Nc6 27.Qc2 Nxe5 28.Rf6+ Kh8 29.Rxf7 Nxf7 30.Rxe6 Ng5
31.Re7 Raa8 32.Rxc7 Raf8 33.Re7 Rf4 34.Qe2 Rgf8 35.Kg2 Nf3 36.Re8 Rxg4+ 37.Kh3 Rf4
38.Rxf8+ Rxf8 39.Qb5 Ng5+ 40.Kg2 Ne6 41.Kg3 Rf5 42.Qxb6 Rg5+ 43.Kh4 Nf8 44.f4 Rf5
45.Kg4 Rf6 46.Qxa5 Ne6 47.f5 Ng5 48.Qd8+  1-0

[Event "Budapest FS10 IM-A"]
[Site "Budapest"]
[Date "1994.??.??"]
[Round "1"]
[White "Acs, Peter"]
[Black "Galyas, Miklos"]
[Result "0-1"]
[WhiteElo "2215"]
[BlackElo "2265"]

1.e4 e6 2.d4 d5 3.Nd2 Be7 4.Ngf3 Nf6 5.e5 Nfd7 6.Bd3 c5 7.c3 Nc6 8.O-O g5
9.b4 cxd4 10.cxd4 Nxb4 11.Bb1 Nb6 12.Ne1 Bd7 13.a3 Ba4 14.Qh5 Rc8 15.Bb2 Nc2
16.Nxc2 Bxc2 17.f4 Na4 18.Bxc2 Rxc2 19.Qd1 Rxb2 20.Qxa4+ Qd7 21.Qa5 Rc2 22.Nf3 g4
23.Ne1 b6 24.Qa6 Rc4 25.Rd1 h5 26.Rd2 Bd8 27.Nc2 Qa4 28.Qxa4+ Rxa4 29.f5 Bg5
30.Rdf2 Rc4 31.fxe6 fxe6 32.Rb1 Rf8 33.Re2 Rf7 34.Rd1 Rfc7 35.Ne1 Rc3 36.a4 R7c4
37.a5 b5 38.Kf1 Be3 39.Nc2 Rxc2 40.Rxe3 Ra2 41.h3 Raa4 42.hxg4 hxg4 43.Red3 Rxa5
44.Rg3 b4 45.Rxg4 Ra2 46.Rg3 a5 47.Kg1 Rac2 48.Kh2 Rc1 49.Rd2 R4c2 50.Rdd3 Rc3  0-1

[Event "Budapest FS02 IM-A"]
[Site "Budapest"]
[Date "1994.??.??"]
[Round "2"]
[White "Huber, Armin"]
[Black "Skomorokhin, Roman"]
[Result "1-0"]
[WhiteElo "2305"]
[BlackElo "2395"]

1.e4 e6 2.d4 d5 3.Nd2 Be7 4.c3 dxe4 5.Nxe4 Nf6 6.Bd3 Nbd7 7.Nf3 O-O 8.O-O Nxe4
9.Bxe4 Nf6 10.Bd3 b6 11.Bg5 Bb7 12.Qe2 h6 13.Bh4 Nh5 14.Bxe7 Qxe7 15.Be4 Nf4
16.Qc2 Bxe4 17.Qxe4 Qf6 18.Ne5 Rad8 19.g3 Nh3+ 20.Kg2 Ng5 21.Qe2 Qf5 22.Rae1 Qh3+
23.Kg1 f6 24.Nc6 Rd6 25.Nxa7 e5 26.f3 exd4 27.Qc4+ Kh8 28.Nb5 Re6 29.Rxe6 Qxe6
30.Qxe6 Nxe6 31.Nxd4 Nxd4 32.cxd4 Ra8 33.a3 Ra4 34.Rd1 Kg8 35.Kf2 Rc4 36.Ke3 Rc2
37.Rd2 Rc1 38.Kd3 c5 39.dxc5 Rxc5 40.Rc2 Rd5+ 41.Kc4 Rc5+ 42.Kb3 Rb5+ 43.Ka4 Rh5
44.b4 Kf7 45.Rc6 Rxh2 46.Rxb6 Rh3 47.Rb7+ Kg6 48.b5 Rxg3 49.b6 Rxf3 50.Rc7 Rf4+
51.Kb5 Rf3 52.Kb4 Rf1 53.Rc3  1-0

[Event "Budapest Spring op"]
[Site "Budapest"]
[Date "1994.??.??"]
[Round "4"]
[White "Chernyshov, Konstantin"]
[Black "Buchenau, Frank"]
[Result "1-0"]
[WhiteElo "2480"]
[BlackElo "2250"]

1.e4 e6 2.d4 d5 3.Nd2 Nc6 4.Ngf3 Nf6 5.e5 Nd7 6.Be2 b6 7.Nf1 Ne7 8.Ne3 c5
9.c3 cxd4 10.cxd4 a5 11.O-O Ba6 12.Bxa6 Rxa6 13.Ng5 h6 14.Nh7 g6 15.Qd3 Ra8
16.Nf6+ Nxf6 17.exf6 Ng8 18.Ng4 Bd6 19.Re1 Kf8 20.Qf3 Ra7 21.Bf4 Bxf4 22.Qxf4 h5
23.Ne5 Ra8 24.Rac1 Rc8 25.Rxc8 Qxc8 26.Rc1 Qd8 27.Nd7+ Ke8 28.Qd6 Nh6 29.Rc8  1-0

[Event "Budapest FS10 IM-A"]
[Site "Budapest"]
[Date "1994.??.??"]
[Round "5"]
[White "Borocz, Istvan"]
[Black "Galyas, Miklos"]
[Result "1-0"]
[WhiteElo "2385"]
[BlackElo "2265"]

1.e4 e6 2.d4 d5 3.Nd2 Be7 4.Ngf3 Nf6 5.Bd3 c5 6.c3 Nc6 7.O-O dxe4 8.Nxe4 cxd4
9.cxd4 O-O 10.Bb1 Nb4 11.Re1 b6 12.a3 Nbd5 13.Qd3 Bb7 14.Ne5 Rc8 15.Ng5 g6
16.Ngf3 Re8 17.Bh6 Bf8 18.Qd2 Bxh6 19.Qxh6 Re7 20.Bd3 Rec7 21.Rad1 Qf8 22.Qh4 Nh5
23.Be4 Qd8 24.Qxd8+ Rxd8 25.Ng5 Nhf6 26.Bf3 h6 27.Ne4 Nxe4 28.Bxe4 Rdc8 29.h4 Nf6
30.Bd3 h5 31.f3 Nd7 32.Kf2 Rd8 33.Bb1 Bd5 34.g4 Nxe5 35.dxe5 hxg4 36.fxg4 Rdc8
37.Bd3 Bb3 38.Rd2 Rd8 39.Ree2 Rcd7 40.Ke3  1-0

[Event "Budapest FS08 IM"]
[Site "Budapest"]
[Date "1994.??.??"]
[Round "7"]
[White "Forchert, Martin"]
[Black "Vigh, Bela"]
[Result "0-1"]
[WhiteElo "2325"]
[BlackElo "2405"]

1.e4 e6 2.d4 d5 3.Nd2 Nc6 4.Ngf3 Nf6 5.e5 Nd7 6.Be2 f6 7.exf6 Qxf6 8.Nf1 Bd6
9.Ne3 O-O 10.O-O Qf7 11.c4 Nf6 12.b3 Ne4 13.Bb2 Kh8 14.Ng4 Qf5 15.Nge5 Nxe5
16.dxe5 Bc5 17.Bd4 Bxd4 18.Qxd4 c5 19.Qb2 b6 20.Bd3 Qh5 21.cxd5 exd5 22.Bxe4 dxe4
23.Nd2 Qg6 24.f3 exf3 25.Nxf3 Bb7 26.Qe2 Rae8 27.Rae1 h6 28.Kh1 Rf4 29.Qd2 Qf5
30.e6 Rxf3 31.gxf3 Bxf3+ 32.Rxf3 Qxf3+ 33.Kg1 Qg4+ 34.Kh1 Rxe6 35.Rxe6 Qxe6
36.Qd8+ Kh7 37.Qd3+ Qg6 38.Qa6 Qf5 39.Kg2 Qd7 40.h3 b5 41.Kh2 c4 42.bxc4 Qc7+
43.Kg2 bxc4 44.Kf1 c3 45.Qd3+ g6 46.Qc2 Qf4+  0-1

[Event "Budapest FS08 IM"]
[Site "Budapest"]
[Date "1994.??.??"]
[Round "11"]
[White "Hjelm, Niclas"]
[Black "Vigh, Bela"]
[Result "1-0"]
[WhiteElo "2375"]
[BlackElo "2405"]

1.e4 e6 2.d4 d5 3.Nd2 Nc6 4.Ngf3 Nf6 5.e5 Nd7 6.Bb5 f6 7.c3 a6 8.Bxc6 bxc6
9.O-O fxe5 10.dxe5 Be7 11.Nd4 Nxe5 12.Qh5+ Nf7 13.Nxc6 Qd6 14.Nxe7 Qxe7 15.c4 O-O
16.b3 Bb7 17.cxd5 exd5 18.Nf3 Rfe8 19.Bb2 c5 20.Rae1 Qd6 21.Ng5 Qg6 22.Qxg6 hxg6
23.Ne6 Rac8 24.Nxg7 Rxe1 25.Rxe1 d4 26.Ne8 a5 27.f3 Bc6 28.Nf6+ Kg7 29.Ng4 a4
30.b4 Rb8 31.a3 Kf8 32.Rc1 d3 33.Kf2 Re8 34.Ne3 d2  1-0

[Event "ESP-chT"]
[Site "Cala Galdana"]
[Date "1994.??.??"]
[Round "?"]
[White "Gomez Esteban, Juan Mario"]
[Black "Melendez Fierro, Juan"]
[Result "1-0"]
[WhiteElo "2485"]
[BlackElo "2300"]

1.d4 e6 2.e4 d5 3.Nd2 a6 4.Ngf3 c5 5.exd5 exd5 6.dxc5 Bxc5 7.Bd3 Nc6 8.O-O Nge7
9.Nb3 Ba7 10.Re1 O-O 11.Be3 Bb8 12.Nbd4 Ng6 13.Bf1 Re8 14.c3 Bg4 15.h3 Nxd4
16.hxg4 Nxf3+ 17.Qxf3 Ne5 18.Qh3 Qd7 19.Be2 Nc4 20.Bd4 Be5 21.Bxc4 Bxd4 22.Bd3 Be5
23.Qxh7+ Kf8  1-0

[Event "Calcutta op"]
[Site "Calcutta"]
[Date "1994.??.??"]
[Round "8"]
[White "Sanjeev, Kumar"]
[Black "Ravi, Lanka"]
[Result "1-0"]
[WhiteElo "2285"]
[BlackElo "2425"]

1.e4 e6 2.d4 d5 3.Nd2 a6 4.Ngf3 c5 5.exd5 exd5 6.dxc5 Bxc5 7.Nb3 Ba7 8.Be2 Nf6
9.O-O O-O 10.Bg5 h6 11.Bxf6 Qxf6 12.c3 Rd8 13.Qd2 Nc6 14.Rad1 Be6 15.Nbd4 Ne7
16.Rfe1 Ng6 17.Bf1 Bg4 18.Re3 Bb8 19.h3 Bd7 20.g3 Bc7 21.Bg2 b5 22.Rde1 Rab8
23.h4 b4 24.cxb4 Qb6 25.h5 Nf8 26.Ne5 Be8 27.a3 Nh7 28.Rc3 Rd6 29.Rec1 Bd8
30.Rc8 Nf6 31.Rxb8 Qxb8 32.Nec6 Qb6 33.Nxd8 Rxd8 34.Bf3 Ne4 35.Qe3 Ng5 36.Bg2 Ba4
37.Rc5 Ne6 38.Nxe6 fxe6 39.Rc8 d4 40.Rxd8+ Qxd8 41.Qxe6+ Kh8 42.Be4 Bb5 43.Qg6 Qg8
44.Kg2 Bc4 45.Qd6 Be2 46.Qxd4 Bxh5 47.Qd5 Bf7 48.Qa8 Qxa8 49.Bxa8 Kg8 50.Kf3 Kf8
51.Ke4 Ke7 52.Bd5 Be8 53.Kd4 Bd7 54.Bc4 Bc8 55.b5 axb5 56.Bxb5 Kd6 57.f4  1-0

[Event "ESP-ch"]
[Site "Canete"]
[Date "1994.??.??"]
[Round "?"]
[White "Garcia Ilundain, David"]
[Black "Romero Holmes, Alfonso"]
[Result "1/2-1/2"]
[WhiteElo "2475"]
[BlackElo "2455"]

1.d4 e6 2.e4 d5 3.Nd2 a6 4.Ngf3 c5 5.exd5 exd5 6.Be2 Nc6 7.O-O Bd6 8.dxc5 Bxc5
9.Nb3 Ba7 10.Bg5 Nge7 11.Nfd4 O-O 12.c3 Qd6 13.Bh4 Nxd4 14.Nxd4 Bxd4 15.Bxe7 Bxf2+
16.Rxf2 Qxe7 17.Qxd5 Be6 18.Qe5 Rad8  1/2-1/2

[Event "Cap d'Agde op"]
[Site "Cap d'Agde"]
[Date "1994.??.??"]
[Round "?"]
[White "Oll, Lembit"]
[Black "Sakaev, Konstantin"]
[Result "1-0"]
[WhiteElo "2615"]
[BlackElo "2555"]

1.e4 e6 2.d4 d5 3.Nd2 a6 4.Ngf3 c5 5.c3 Nc6 6.Bd3 Nf6 7.e5 Nd7 8.O-O b5 9.Re1 Qb6
10.a4 Rb8 11.axb5 axb5 12.Ng5 cxd4 13.cxd4 Be7 14.Ndf3 Nxd4 15.Nxd4 Bxg5
16.Nxe6 Qxe6 17.Bxg5 Nc5 18.Bc2 Qg4 19.Be3 Qxd1 20.Rexd1 Na4 21.Bd4 O-O 22.b3 Nb6
23.Bd3 Bd7 24.Ra7 Rfd8 25.Bc5 Nc8 26.Ra5 g6 27.Bf1 Bc6 28.Ra6 Bb7 29.Ra5 Bc6
30.Ra6 Bb7 31.Rf6 Ba8 32.g3 Re8 33.f4 Re6 34.Bh3 Rxf6 35.exf6 Bc6 36.Rc1 Be8
37.b4 Ra8 38.Bg2 Ra6 39.Bxd5 Bd7 40.Bb7 Re6 41.Rd1  1-0

[Event "Cap d'Agde"]
[Site "Cap d'Agde"]
[Date "1994.??.??"]
[Round "6.1"]
[White "Xu Jun"]
[Black "Hamdouchi, Hichem"]
[Result "0-1"]
[WhiteElo "2560"]
[BlackElo "2530"]

1.e4 e6 2.d4 d5 3.Nd2 Nc6 4.c3 e5 5.dxe5 dxe4 6.Qe2 Qd5 7.Qxe4 Qxe5 8.Ngf3 Qxe4+
9.Nxe4 Bf5 10.Ng3 Bg4 11.Bb5 Bxf3 12.gxf3 Ne7 13.Bg5 f6 14.Be3 O-O-O 15.Ke2 a6
16.Ba4 Nd5 17.Rad1 Nxe3 18.fxe3 b5 19.Bb3 Bc5 20.Nh5 Rhe8 21.e4 Re7 22.Nf4 Rde8
23.Nd5 Re5 24.h4 Na5 25.Bc2 c6 26.Nf4 Bb6 27.b3 Nb7 28.Nd3 R5e7 29.Nb4 a5
30.Nd3 f5 31.e5 f4 32.Nxf4 Rxe5+ 33.Be4 Nc5 34.Nd3 Nxe4 35.Nxe5 Nxc3+ 36.Kd2 Nxd1
37.Nf7 Re7 38.Nd6+ Kc7 39.Ne4 Nf2  0-1

[Event "Capablanca mem-B"]
[Site "?"]
[Date "1994.??.??"]
[Round "8"]
[White "Martin del Campo, Roberto"]
[Black "Pecorelli Garcia, Humberto"]
[Result "1/2-1/2"]
[WhiteElo "2460"]
[BlackElo "2405"]

1.e4 e6 2.d4 d5 3.Nd2 Nc6 4.Ngf3 Nf6 5.e5 Nd7 6.Be2 f6 7.exf6 Qxf6 8.Nf1 Bd6
9.Ne3 b6 10.O-O Bb7 11.c4 Ne7 12.Qa4 c6 13.b4 O-O 14.c5 Bc7 15.Qc2 e5 16.Ng4 Qg6
17.Qxg6 Nxg6 18.Ngxe5 Ndxe5 19.dxe5 Nxe5 20.Bb2 Nxf3+ 21.Bxf3 bxc5 22.bxc5 Ba5  1/2-1/2

[Event "Cappelle op"]
[Site "Cappelle la Grande"]
[Date "1994.??.??"]
[Round "4"]
[White "Stocek, Jiri"]
[Black "Naumkin, Igor"]
[Result "1/2-1/2"]
[WhiteElo "2305"]
[BlackElo "2455"]

1.e4 e6 2.d4 d5 3.Nd2 Nc6 4.c3 e5 5.exd5 Qxd5 6.Ngf3 exd4 7.Bc4 Qf5 8.O-O Be6
9.Bxe6 fxe6 10.Nxd4 Nxd4 11.cxd4 O-O-O 12.Qa4 Kb8 13.Nb3 Ne7 14.Nc5 Nc6 15.Be3 Bxc5
16.dxc5 Rd5 17.Rac1 Rhd8 18.h3 h5 19.Rc3 a6 20.Qc4 g5 21.f3 Rd1 22.Qe4 Rxf1+
23.Kxf1 Qf6 24.Kg1 Rg8 25.Rc2 g4 26.fxg4 hxg4 27.Rf2 Qd8 28.Rd2 Qe7 29.hxg4 Qh4
30.Bf2 Qh6 31.Be3 Qh4 32.Bf2  1/2-1/2

[Event "Casablanca"]
[Site "Casablanca"]
[Date "1994.??.??"]
[Round "2"]
[White "Spraggett, Kevin"]
[Black "Efimov, Igor"]
[Result "1/2-1/2"]
[WhiteElo "2550"]
[BlackElo "2465"]

1.e4 e6 2.d4 d5 3.Nd2 Be7 4.Bd3 Nc6 5.Ngf3 Nf6 6.exd5 exd5 7.c3 O-O 8.O-O Bd6
9.Re1 Re8 10.Rxe8+ Qxe8 11.Nf1 Bg4 12.Ne3 Bh5 13.Nf5 Bxf3 14.Qxf3 Qe1+ 15.Bf1 Bxh2+
16.Kxh2 Qxf1 17.Nxg7 Qxf2 18.Nf5 Qxf3 19.gxf3 Ne8 20.Bf4 f6 21.Re1 Kf7 22.Kg3 Rd8
23.Rh1 Ke6 24.Kg4 Rd7 25.Re1+ Kf7 26.Rh1 Kf8 27.b3 Nd8 28.Bc1 Nf7 29.Ba3+ Kg8
30.Re1 Ng7 31.Re7 h5+ 32.Kf4 Rxe7 33.Nxe7+ Kh7 34.Nxd5 Ne8 35.c4 Nd8 36.Ne3 Ne6+
37.Ke4 Ng5+ 38.Kf4 Ne6+ 39.Ke4 Ng5+ 40.Kf4 Ne6+  1/2-1/2

[Event "Casablanca"]
[Site "Casablanca"]
[Date "1994.??.??"]
[Round "4"]
[White "Spraggett, Kevin"]
[Black "Elbilia, Jacques"]
[Result "1-0"]
[WhiteElo "2550"]
[BlackElo "2290"]

1.e4 e6 2.d4 d5 3.Nd2 Nc6 4.Ngf3 Nf6 5.e5 Nd7 6.Be2 Be7 7.Nf1 O-O 8.Ne3 f6
9.exf6 Nxf6 10.O-O Bd6 11.c4 b6 12.b3 Bb7 13.Bb2 Bf4 14.g3 Bxe3 15.fxe3 Qe7
16.Bd3 Kh8 17.Qe2 Ne4 18.Bxe4 dxe4 19.Nh4 Nb4 20.Qh5 Kg8 21.Ba3 a5 22.Qe5 Qd7
23.Bxb4 axb4 24.Rxf8+ Rxf8 25.Rf1 Ra8 26.Rf2 Re8 27.Ng2 Qe7 28.h4 Rf8 29.Rxf8+ Kxf8
30.Nf4 Kf7 31.Nh5 Kg8 32.g4 h6 33.Kg2 Bc8 34.g5 hxg5 35.hxg5 Bd7 36.Kh3 Qf7
37.Nf4 Bc8 38.Kg3 Qe7 39.d5 Qc5 40.Qxe4  1-0

[Event "FRA-ch (Women)"]
[Site "Chambery"]
[Date "1994.??.??"]
[Round "?"]
[White "Gatine, Aurelia"]
[Black "Gervais, Claire"]
[Result "1/2-1/2"]
[WhiteElo "2060"]
[BlackElo "2230"]

1.e4 e6 2.d4 d5 3.Nd2 a6 4.Ngf3 c5 5.exd5 exd5 6.c3 Nc6 7.dxc5 Bxc5 8.Nb3 Ba7
9.Bd3 Nf6 10.O-O O-O 11.Bc2 Bg4 12.Qd3 Ne4 13.Nbd4 Qd6 14.Ng5 Bb8 15.g3 f5
16.Bf4 Ne5 17.Bxe5 Qxe5 18.Nge6 Rf6 19.Nf4 g5 20.Nxd5 Rh6  1/2-1/2

[Event "Copenhagen op16"]
[Site "Copenhagen"]
[Date "1994.??.??"]
[Round "9"]
[White "Roder, Peter"]
[Black "Fant, Goran"]
[Result "1-0"]
[WhiteElo "2205"]
[BlackElo "2010"]

1.e4 e6 2.d4 d5 3.Nd2 a6 4.Ngf3 c5 5.exd5 exd5 6.Be2 Nf6 7.O-O Bd6 8.dxc5 Bxc5
9.Nb3 Bd6 10.Bg5 Nc6 11.Bxf6 gxf6 12.Re1 O-O 13.Qd2 Kh8 14.Rad1 Be6 15.Nbd4 Bd7
16.c3 Rg8 17.g3 f5 18.Bf1 f4 19.Bg2 Qf6 20.Ne2 fxg3 21.fxg3 Bc5+ 22.Ned4 Bg4
23.Rf1 Qf5 24.Nh4 Qh5 25.Rde1 Rg7 26.Kh1 Rag8 27.Ndf5 Rg5 28.Qxd5 Bb6 29.Qd7 Qxh4
30.gxh4 Bxf5 31.Rxf5 Rxg2 32.Rg5 Ne5 33.Qf5 R2xg5 34.hxg5  1-0

[Event "RUS-ch"]
[Site "Elista"]
[Date "1994.??.??"]
[Round "9"]
[White "Dvoirys, Semen I"]
[Black "Kiriakov, Petr"]
[Result "1/2-1/2"]
[WhiteElo "2535"]
[BlackElo "2475"]

1.e4 e6 2.d4 d5 3.Nd2 a6 4.Ngf3 c5 5.exd5 exd5 6.Be2 cxd4 7.Nxd4 Nc6 8.Nxc6 bxc6
9.O-O Bd6 10.c4 Ne7 11.cxd5 cxd5 12.Nb3 O-O 13.Bg5 Be6 14.Bh4 Qb6 15.Bg3 Bxg3
16.hxg3 a5 17.Bf3 a4 18.Nd4 Qxb2 19.Re1 Qb6 20.Rb1 Qd6 21.Rb7 Bd7 22.Qc1 Rad8
23.Qc7 Nf5 24.Qxd6 Nxd6 25.Ra7 Rfe8 26.Rxe8+ Bxe8 27.Bxd5 Nc8 28.Ra5 Kf8
29.Nf5 Nb6 30.Bf3 g6 31.Ne3 Rd4 32.Ra7 Rd6 33.Kf1 Bd7 34.Ke2 Be6 35.a3 Bb3
36.Rc7 Rd8 37.Be4 Re8 38.Kd3 Kg7 39.Kd4 Rd8+ 40.Kc3 h5 41.Bc6 Na8 42.Rd7 Rc8
43.Rd6 Nc7 44.Kd2 Ne8 45.Bxe8 Rxe8 46.Nd5 Re5 47.Ne3 Rc5 48.Rd4 Rc8 49.g4 hxg4
50.Rxg4 Rc5 51.Rh4 Rc6 52.Rh1 Rf6 53.f3 Rc6 54.Re1 Rc8 55.Rc1 Rd8+ 56.Ke2 Be6
57.Rb1 Bb3 58.f4 Rb8 59.Kd2 Rd8+ 60.Kc3 Rc8+  1/2-1/2

[Event "Formia op"]
[Site "Formia"]
[Date "1994.??.??"]
[Round "6"]
[White "Palac, Mladen"]
[Black "Naumkin, Igor"]
[Result "1/2-1/2"]
[WhiteElo "2505"]
[BlackElo "2455"]

1.e4 e6 2.d4 d5 3.Nd2 Nc6 4.Ngf3 Nf6 5.e5 Nd7 6.Bb5 a5 7.O-O Be7 8.Re1 Na7
9.Bd3 c5 10.c4 dxc4 11.Nxc4 Nc6 12.Be4 cxd4 13.Bxc6 bxc6 14.Nxd4 Nb6 15.Nxb6 Qxb6
16.Qg4 g5 17.Be3 c5 18.Nf3 Bb7 19.Bxg5 Rg8 20.Qh5 Qc6 21.h4 h6 22.Qxh6 O-O-O
23.Rad1 Rxd1 24.Rxd1 Qe4 25.Re1 Qf5 26.Re3 Bxg5 27.hxg5 Qb1+ 28.Re1 Qf5 29.Re3 Qb1+
30.Re1  1/2-1/2

[Event "FRA-chT "]
[Site "FRA"]
[Date "1994.??.??"]
[Round "4"]
[White "Mayer, Jean Marc"]
[Black "Seret, Jean Luc"]
[Result "0-1"]
[WhiteElo "2310"]
[BlackElo "2450"]

1.e4 e6 2.d4 d5 3.Nd2 Nc6 4.Ngf3 Nf6 5.e5 Nd7 6.c3 f6 7.Bd3 fxe5 8.Nxe5 Ndxe5
9.dxe5 Nxe5 10.Qh5+ Nf7 11.O-O g6 12.Qe2 Bg7 13.Nf3 O-O 14.c4 c6 15.h4 e5
16.cxd5 cxd5 17.Ng5 e4 18.Bc2 Ne5 19.Bb3 Kh8 20.f4 exf3 21.Nxf3 Ng4 22.Bg5 Qb6+
23.Kh1 Bd7 24.Bxd5 Rae8 25.Qd2 h6 26.Bf4 Qxb2 27.Rab1 Qxd2 28.Bxd2 b6 29.Rbe1 Rd8
30.Be4 Bb5 31.Bb4 Rf4 32.Be7 Rd7 33.Bxg6 Bxf1 34.Ba3 Bc4  0-1

[Event "Garmisch"]
[Site "Garmisch"]
[Date "1994.??.??"]
[Round "10"]
[White "Landenbergue, Claude"]
[Black "Hug, Werner"]
[Result "1-0"]
[WhiteElo "2450"]
[BlackElo "2445"]

1.e4 e6 2.d4 d5 3.Nd2 Nc6 4.Ngf3 Nf6 5.e5 Ne4 6.c3 Nxd2 7.Bxd2 b6 8.Bd3 Be7
9.O-O Bb7 10.Ne1 h5 11.Qf3 Qd7 12.Qh3 O-O-O 13.f4 g6 14.f5 Rdg8 15.f6 Bf8
16.Bg5 Na5 17.Qe3 c5 18.Qe2 Kb8 19.Nf3 Nc6 20.Kh1 h4 21.h3 Rh5 22.Qe3 Rgh8
23.Be2 cxd4 24.cxd4 Na5 25.Bf4 Nc4 26.Qc1 Rg8 27.Bg5 Rgh8 28.b3 Ba3 29.Qf4 Na5
30.Nxh4 R5h7 31.Nf3 Nc6 32.Qg3 Nb4 33.Bd2 Nc2 34.Rad1  1-0

[Event "BL2-N9394"]
[Site "Germany"]
[Date "1994.??.??"]
[Round "?"]
[White "Breyther, Ruediger"]
[Black "Giemsa, Stephan"]
[Result "1/2-1/2"]
[WhiteElo "2315"]
[BlackElo "2295"]

1.e4 e6 2.d4 d5 3.Nd2 a6 4.Ngf3 c5 5.dxc5 Bxc5 6.Bd3 Nf6 7.e5 Ng4 8.O-O Nc6
9.Nb3 Bb6 10.Bf4 Qc7 11.h3 Nh6 12.Qd2 Ng8 13.Be3 Nge7 14.Bxb6 Qxb6 15.c3 h6
16.Rae1 Bd7 17.Qe3 Qxe3 18.Rxe3 O-O 19.Ra1 b6 20.a4 a5 21.Nfd4 Nxd4 22.Nxd4 Nc6
23.Nb5 Na7 24.Nd4 Nc6 25.Nb5 Na7 26.Nd4  1/2-1/2

[Event "Bundesliga 9394"]
[Site "Germany"]
[Date "1994.??.??"]
[Round "?"]
[White "Wegner, Hannu"]
[Black "Jackelen, Thomas"]
[Result "1/2-1/2"]
[WhiteElo "2385"]
[BlackElo "2425"]

1.e4 e6 2.d4 d5 3.Nd2 a6 4.Ngf3 c5 5.exd5 exd5 6.dxc5 Bxc5 7.Nb3 Bb6 8.Bd3 Qe7+
9.Qe2 Nc6 10.Qxe7+ Ngxe7 11.O-O Bg4 12.Be3 Bxe3 13.fxe3 Bxf3 14.Rxf3 Ne5
15.Rf2 Rc8 16.Re2 Nxd3 17.cxd3  1/2-1/2

[Event "Bundesliga 9394"]
[Site "Germany"]
[Date "1994.??.??"]
[Round "?"]
[White "Wahls, Matthias"]
[Black "Gurevich, Mikhail"]
[Result "0-1"]
[WhiteElo "2520"]
[BlackElo "2610"]

1.e4 e6 2.d4 d5 3.Nd2 a6 4.Ngf3 c5 5.exd5 exd5 6.Be2 c4 7.O-O Bd6 8.Re1 Ne7
9.b3 cxb3 10.axb3 O-O 11.Nf1 Nbc6 12.c3 Bf5 13.Ne3 Bg6 14.Nh4 Be4 15.f3 Bg6
16.g3 Rc8 17.Nxg6 hxg6 18.f4 Nb8 19.Bd2 Nd7 20.Bf3 Nf6 21.c4 Qd7 22.Bc3 Rfd8
23.Qd2 Bb8 24.Qg2 Ba7 25.Kh1 Qc7 26.Red1 Nf5 27.Nxf5 gxf5 28.Ba5 Bb6 29.Bxb6 Qxb6
30.c5 Qb4 31.Qc2 Re8 32.Qxf5 Qxb3 33.Bg2 Ne4 34.Bxe4 dxe4 35.Qh5 Qb2 36.Rab1 Qf2
37.Qh3 Rcd8 38.Qg2 Qe3 39.Qg1  0-1

[Event "Oberliga Wuert9394"]
[Site "Germany"]
[Date "1994.??.??"]
[Round "?"]
[White "Hillermann, Vinzenz"]
[Black "Jurek, Josef"]
[Result "0-1"]
[WhiteElo "2315"]
[BlackElo "2280"]

1.e4 e6 2.d4 d5 3.Nd2 Be7 4.Ngf3 Nf6 5.e5 Nfd7 6.Nb3 a5 7.a4 b6 8.Bf4 Ba6
9.Bd3 c5 10.Bxa6 Rxa6 11.O-O O-O 12.c3 Nc6 13.Qe2 Ra8 14.Rac1 Qc8 15.Bd2 Qa6
16.Qxa6 Rxa6 17.Ne1 cxd4 18.cxd4 Rc8 19.Nd3 Ra7 20.Rc2 Rac7 21.Rfc1 Ndb8
22.Kf1 Kf8 23.Ke2 Ke8 24.f4 h5 25.f5 Kd7 26.Nf4 h4 27.h3 Na6 28.fxe6+ fxe6
29.Ng6 Nab4 30.Bxb4 axb4 31.Nxe7 Kxe7 32.Ke3 Kd7 33.Kf4 Ra7 34.Kg5 Rxa4 35.Kxh4 Ra7
36.Kg5 Rac7 37.g4 Rf8 38.h4 Rf3 39.Nd2 Rd3 40.Kg6 Rxd4 41.Kg5 Rc8 42.h5 Nxe5  0-1

[Event "BL2-N9394"]
[Site "Germany"]
[Date "1994.??.??"]
[Round "?"]
[White "Joecks, Christian"]
[Black "Hausner, Ivan"]
[Result "1/2-1/2"]
[WhiteElo "2340"]
[BlackElo "2480"]

1.e4 e6 2.d4 d5 3.Nd2 Be7 4.Ngf3 Nf6 5.Bd3 c5 6.exd5 Nxd5 7.dxc5 Nd7 8.Nb3 Nxc5
9.Nxc5 Qa5+ 10.c3 Qxc5 11.O-O O-O 12.Qe2 Rd8 13.Re1 Bd7 14.Ne5 Be8 15.c4 Nb4
16.Be4 Nc6 17.Nxc6 Bxc6 18.Be3 Qa5 19.Bxc6 bxc6 20.b3 c5 21.h3 h6 22.Rad1  1/2-1/2

[Event "NRW-Liga II 9394"]
[Site "Germany"]
[Date "1994.??.??"]
[Round "?"]
[White "Walter, Karel"]
[Black "Kern, Guido"]
[Result "0-1"]
[WhiteElo "2105"]
[BlackElo "2350"]

1.e4 e6 2.d4 d5 3.Nd2 Be7 4.Ngf3 Nf6 5.e5 Nfd7 6.Bd3 c5 7.c3 Nc6 8.O-O a5
9.Re1 c4 10.Bc2 b5 11.Nf1 Nb6 12.Ng3 h5 13.h3 Ba6 14.Nh2 g6 15.Nf3 Kd7 16.h4 Bxh4
17.Nxh4 Qxh4 18.Re3 Qe7 19.Rf3 Kc7 20.Nf1 Rag8 21.Rg3 g5 22.Qd2 g4 23.Qf4 Nd8
24.Nh2 Kb7 25.Bd2 Nd7 26.b3 Nb6 27.f3 Qh4 28.Rd1 Rg7 29.Rh3 Qe7 30.fxg4 Rhg8
31.Rxh5 Qa3 32.bxc4 Nxc4 33.Bb1 Nc6 34.Rh3 Qa4 35.Qf3 b4 36.Bh6 N6xe5 37.dxe5 Nxe5  0-1

[Event "BL2-O9394"]
[Site "Germany"]
[Date "1994.??.??"]
[Round "?"]
[White "Kleinschmidt, Felix"]
[Black "Dietz, Holger"]
[Result "1-0"]
[WhiteElo "2220"]
[BlackElo "2260"]

1.e4 e6 2.d4 d5 3.Nd2 Be7 4.Bd3 b6 5.c3 c5 6.Ndf3 Nf6 7.e5 Nfd7 8.Ne2 Ba6
9.Bb1 Nc6 10.O-O Rc8 11.Re1 Bxe2 12.Qxe2 cxd4 13.cxd4 Qc7 14.Bd2 Qb7 15.a3 Na5
16.Bd3 Rc7 17.Bg5 Nb8 18.Bb5+ Nac6 19.Qd3 a6 20.Ba4 b5 21.Bd1 h6 22.Bd2 Qb6
23.b4 Qa7 24.Bc3 Nd7 25.Nd2 Nb6 26.Nb3 Na4 27.Rc1 Kd7 28.Qf3 Rf8 29.Qg4 g6
30.Bd2 h5 31.Qh3 Nb2 32.Nc5+ Bxc5 33.dxc5 Nxd1 34.Rcxd1 Ra8 35.Bc3 Ne7 36.Qh4 Qb8
37.Qf6 Qf8 38.f3 Ng8 39.Qf4 Kc6 40.Bd2 Rd7 41.Ra1 Ne7 42.Qf6 Nf5 43.g4 Nd4
44.Ra2 Kc7 45.Qf4 Nc6 46.a4 Rdd8 47.axb5 axb5 48.Rea1 Rxa2 49.Rxa2 Qg7 50.Qg3 hxg4
51.fxg4 g5 52.Ra6 Qg6 53.Qa3 Kd7 54.Qe3 Qb1+ 55.Kg2 Qd1 56.Qxg5 Rh8 57.h4 Qe2+
58.Kg3 Nxe5 59.Qf4 Qd3+ 60.Be3 f6 61.Ra7+ Kc6 62.Re7 Ra8 63.Rxe6+ Kb7 64.Re7+ Kb8
65.Qh6  1-0

[Event "BL2-W9394"]
[Site "Germany"]
[Date "1994.??.??"]
[Round "?"]
[White "Pichler, Juergen"]
[Black "Holzke, Frank"]
[Result "1-0"]
[WhiteElo "2410"]
[BlackElo "2385"]

1.e4 e6 2.d4 d5 3.Nd2 Nc6 4.Ngf3 Nf6 5.e5 Nd7 6.Be2 Be7 7.Nf1 f6 8.exf6 Nxf6
9.Ne3 Bd6 10.c4 b6 11.O-O O-O 12.b3 Ne7 13.Bb2 Ne4 14.Bd3 Qe8 15.Ne5 Bb7
16.Qg4 Kh8 17.f4 Nf5 18.Nxf5 exf5 19.Qe2 c5 20.Rad1 cxd4 21.Bxd4 Nc5 22.Bxc5 Bxc5+
23.Kh1 d4 24.Qb2 Qe7 25.Be2 Rae8 26.Bh5 Rd8 27.Bf3 Bxf3 28.Rxf3 Rde8 29.Rff1 Bd6
30.Rfe1 Bxe5 31.Rxe5 Qd6 32.Qxd4 Qxd4 33.Rxd4 g5 34.Kg1 gxf4 35.Rxe8 Rxe8
36.Kf2 Kg7 37.Rd7+ Kg6 38.Rxa7 Rd8 39.Ra6 Rd2+ 40.Kf3 Kg5 41.Rxb6 Rxa2 42.c5 Rc2
43.c6 h5 44.b4 h4 45.h3 Rc3+ 46.Ke2 f3+ 47.gxf3 Kf4 48.b5 Ke5 49.Rb7 Kd4
50.c7 Rc2+ 51.Kd1 Kd3 52.Ra7 Rd2+ 53.Kc1 Rc2+ 54.Kb1  1-0

[Event "BL9394 (Women)"]
[Site "Germany"]
[Date "1994.??.??"]
[Round "?"]
[White "Buervenich, Silvia"]
[Black "Ehrke, Anja"]
[Result "1/2-1/2"]
[WhiteElo "2160"]
[BlackElo "2190"]

1.e4 e6 2.d4 d5 3.Nd2 Nc6 4.Ngf3 Nf6 5.e5 Nd7 6.g3 f6 7.exf6 Qxf6 8.Nb3 Bd6
9.Bg2 O-O 10.O-O Ne7 11.Bg5 Qg6 12.Bxe7 Bxe7 13.Qe2 Bd6 14.Nc1 b6 15.Re1 Rf6
16.Ne5 Bxe5 17.dxe5 Rf5 18.f4 c6 19.b4 a5 20.Nb3 axb4 21.Nd4 Ba6 22.Nxf5 Qxf5
23.Qd2 Bb5 24.Qxb4 Qxc2 25.Rec1 Qd3 26.Qc3 Nc5 27.Bf1 Qxc3 28.Rxc3 d4 29.Rcc1 d3
30.Kf2 d2 31.Rxc5 bxc5 32.Bxb5 cxb5 33.Ke2 b4 34.Kxd2 Ra3 35.Kc2 c4 36.Kb2 Re3
37.Rc1 Re4 38.a4 bxa3+ 39.Kxa3 Re2  1/2-1/2